000 00604cam a2200217 4500500
005 20260405002608.0
041 _afre
042 _adc
100 1 0 _aVarela, Francisco
_eauthor
245 0 0 _aLa générosité
260 _c2017.
500 _a4
690 _aAutrui
690 _aDescartes
690 _aGénérosité
690 _aNietzsche
690 _aSénèque
690 _aVoltaire
786 0 _nPhilosophie magazine | 114 | 11 | 2017-11-01 | p. 34-34 | 1951-1787
856 4 1 _uhttps://shs.cairn.info/magazine-philosophie-magazine-2017-11-page-34?lang=fr&redirect-ssocas=7080
999 _c2059142
_d2059142